[Event "Charlotte CCCSA IM-B"]
[Site "Charlotte"]
[Date "2018.06.09"]
[Round "6"]
[White "Arjun, Vishnuvardhan"]
[Black "Morshedi, Ali"]
[Result "1-0"]
[WhiteElo "2158"]
[BlackElo "2268"]
[PlyCount "49"]
[EventDate "2018.06.06"]
[EventType "tourn"]
[EventRounds "9"]
[EventCountry "USA"]
[EventCategory "2"]
[SourceTitle "CBM 184 Extra"]
[Source "ChessBase"]
[SourceDate "2018.06.28"]
[SourceVersion "1"]
[SourceVersionDate "2018.06.28"]
[SourceQuality "1"]

1. e4 c5 2. Nc3 Nc6 3. Bb5 Nd4 4. Bc4 g6 5. Nge2 Bg7 6. Nxd4 cxd4 7. Qf3 Nf6 8. Ne2 0-0 9. h3 Rb8 10. a4 b6 11. d3 Bb7 12. Nf4 e6 13. 0-0 d5 14. exd5 e5 15. Ne2 Nxd5 16. Qg3 Kh8 17. f4 exf4 18. Nxf4 Nb4 19. Bxf7 Rxf7 20. Nxg6+ Kg8 21. Rxf7 Kxf7 22. Bg5 Qe8 23. Re1 Qc6 24. Re7+ Kxg6 25. Bh4+ 1-0

[Event "Charlotte CCCSA IM-B"]
[Site "Charlotte"]
[Date "2018.06.08"]
[Round "4"]
[White "Diulger, Alexey"]
[Black "Morshedi, Ali"]
[Result "0-1"]
[WhiteElo "2375"]
[BlackElo "2268"]
[PlyCount "56"]
[EventDate "2018.06.06"]
[EventType "tourn"]
[EventRounds "9"]
[EventCountry "USA"]
[EventCategory "2"]
[SourceTitle "CBM 184 Extra"]
[Source "ChessBase"]
[SourceDate "2018.06.28"]
[SourceVersion "1"]
[SourceVersionDate "2018.06.28"]
[SourceQuality "1"]

1. e4 c5 2. Nc3 Nc6 3. f4 e6 4. Nf3 a6 5. Qe2 Be7 6. d3 d5 7. g3 Nf6 8. e5 Nd7 9. Bg2 0-0 10. 0-0 b5 11. h4 Bb7 12. h5 Rc8 13. h6 g6 14. Nd1 Qc7 15. c3 d4 16. Nf2 Rfd8 17. Ng4 c4 18. dxc4 d3 19. Qf2 bxc4 20. Be3 Bf8 21. b3 Ne7 22. bxc4 Nf5 23. Rab1 Bc6 24. Nf6+ Nxf6 25. Bb6 Ne4 26. Bxc7 Rxc7 27. Qb2 Bc5+ 28. Nd4 Nxc3 0-1

[Event "Charlotte CCCSA IM-B"]
[Site "Charlotte"]
[Date "2018.06.07"]
[Round "3"]
[White "Morshedi, Ali"]
[Black "Daggupati, Balaji"]
[Result "1-0"]
[WhiteElo "2268"]
[BlackElo "2268"]
[PlyCount "87"]
[EventDate "2018.06.06"]
[EventType "tourn"]
[EventRounds "9"]
[EventCountry "USA"]
[EventCategory "2"]
[SourceTitle "CBM 184 Extra"]
[Source "ChessBase"]
[SourceDate "2018.06.28"]
[SourceVersion "1"]
[SourceVersionDate "2018.06.28"]
[SourceQuality "1"]

1. c4 e5 2. g3 Nf6 3. Bg2 Nc6 4. Nc3 Bc5 5. d3 d6 6. Nf3 h6 7. 0-0 0-0 8. Na4 Bb6 9. Nxb6 axb6 10. b3 Be6 11. h3 d5 12. cxd5 Nxd5 13. Bb2 Qd6 14. Nd2 b5 15. Ne4 Qe7 16. Qc1 Nd4 17. Re1 Ra6 18. Qc5 Rc6 19. Bxd4 Rxc5 20. Bxc5 Qd8 21. Bxf8 Qxf8 22. Rec1 b6 23. a4 Qb4 24. axb5 f5 25. Rc4 Qxb3 26. Nd2 Qb2 27. Ra8+ Kh7 28. Nf3 Qxe2 29. Rc1 Qb2 30. Re1 Nb4 31. Rxe5 Bd5 32. Rae8 Bxf3 33. Bxf3 Nxd3 34. Re2 Qxb5 35. h4 Qc5 36. h5 b5 37. R2e3 Qc1+ 38. Kg2 Qd2 39. Be2 Nc5 40. R8e5 Qd6 41. Bxb5 Nb3 42. Be8 g5 43. hxg6+ Kh8 44. Re7 1-0

[Event "Charlotte CCCSA IM-B"]
[Site "Charlotte"]
[Date "2018.06.06"]
[Round "1"]
[White "Yip, Carissa"]
[Black "Morshedi, Ali"]
[Result "1-0"]
[WhiteElo "2318"]
[BlackElo "2268"]
[PlyCount "125"]
[EventDate "2018.06.06"]
[EventType "tourn"]
[EventRounds "9"]
[EventCountry "USA"]
[EventCategory "2"]
[SourceTitle "CBM 184 Extra"]
[Source "ChessBase"]
[SourceDate "2018.06.28"]
[SourceVersion "1"]
[SourceVersionDate "2018.06.28"]
[SourceQuality "1"]

1. Nf3 Nf6 2. g3 d5 3. Bg2 e6 4. d4 c5 5. 0-0 Be7 6. dxc5 Bxc5 7. c4 0-0 8. cxd5 exd5 9. Bg5 Be6 10. Nc3 Nbd7 11. Rc1 Rc8 12. Nd4 h6 13. Bf4 Nb6 14. b3 Bg4 15. Ncb5 Na8 16. h3 Bh5 17. Nd6 Bxd6 18. Rxc8 Qxc8 19. Bxd6 Re8 20. Ba3 Qc3 21. g4 Bg6 22. e3 Nb6 23. Qc1 Qa5 24. Bb2 Rc8 25. Qa1 Nbd7 26. Rd1 Qd8 27. Ne2 Rc2 28. Nf4 Be4 29. Nxd5 Bxd5 30. Bxd5 Nxd5 31. Rxd5 Qh4 32. Qf1 Rxb2 33. Rxd7 h5 34. gxh5 Rxa2 35. Rxb7 Qxh5 36. Qb1 Qg6+ 37. Qxg6 fxg6 38. b4 Ra6 39. Kg2 Kh7 40. Kg3 Kh6 41. f3 Ra1 42. e4 g5 43. Rb5 g6 44. Rb8 Kg7 45. b5 Kf6 46. Rf8+ Ke5 47. Ra8 Rg1+ 48. Kf2 Rb1 49. Rxa7 Rxb5 50. Ra6 Rb2+ 51. Kg3 Kd4 52. Rxg6 Ke3 53. Rxg5 Rb1 54. Kg4 Rg1+ 55. Kf5 Rf1 56. Rg3 Kf2 57. Rg4 Rh1 58. f4 Rxh3 59. e5 Kf3 60. e6 Rh5+ 61. Rg5 Rh4 62. e7 Rxf4+ 63. Ke6 1-0

[Event "North American op 25th"]
[Site "Las Vegas"]
[Date "2015.12.29"]
[Round "7"]
[White "Landaw, Julian W"]
[Black "Morshedi, Ali"]
[Result "1/2-1/2"]
[WhiteElo "2340"]
[BlackElo "2232"]
[PlyCount "137"]
[EventDate "2015.12.26"]
[EventType "swiss"]
[EventRounds "9"]
[EventCountry "USA"]
[SourceTitle "CBM 170 Extra"]
[Source "ChessBase"]
[SourceDate "2016.02.25"]
[SourceVersion "1"]
[SourceVersionDate "2016.02.25"]
[SourceQuality "1"]

1. e4 e5 2. Nf3 Nc6 3. Bb5 a6 4. Ba4 b5 5. Bb3 Na5 6. Nxe5 Nxb3 7. axb3 Qg5 8. Nf3 Qxg2 9. Rg1 Qh3 10. Nc3 Bb7 11. Rg3 Qe6 12. d3 g6 13. Ng5 Qe7 14. Be3 Bg7 15. Qd2 Nf6 16. f4 0-0-0 17. Qf2 d5 18. e5 Nh5 19. Bc5 Qe8 20. 0-0-0 Nxg3 21. Qxg3 d4 22. Nce4 h6 23. Nf3 Bxe4 24. dxe4 Qc6 25. b4 Qxe4 26. Nxd4 g5 27. Re1 Qxf4+ 28. Qxf4 gxf4 29. Nf5 Bf8 30. Re4 Rg8 31. Bf2 Rg2 32. Rxf4 Rxh2 33. c3 h5 34. Bd4 Kd7 35. Ng7 Bxg7 36. Rxf7+ Ke6 37. Rxg7 Rf8 38. Kb1 h4 39. Rxc7 h3 40. Rc6+ Kd5 41. Rc5+ Ke4 42. e6 Re2 43. Rh5 h2 44. Ka2 Re8 45. Bb6 Rxe6 46. Bc7 Rg6 47. Rxh2 Rxh2 48. Bxh2 Rg2 49. Bc7 Kd3 50. Kb3 Rg4 51. Bd6 Kd2 52. Be5 Kc1 53. Bf6 Kb1 54. Be5 Rg5 55. Bf6 Rg2 56. c4 Rg3+ 57. Bc3 Rg4 58. c5 Rg3 59. c6 Rg6 60. c7 Rc6 61. Be5 Kc1 62. Bf4+ Kd1 63. Bh2 Ke2 64. Bf4 Kf3 65. Be5 Ke4 66. Bh2 Kd5 67. Bf4 Ke6 68. Bh2 Kd7 69. Be5 1/2-1/2

[Event "North American op 25th"]
[Site "Las Vegas"]
[Date "2015.12.28"]
[Round "6"]
[White "Morshedi, Ali"]
[Black "Yang, Kaiqi"]
[Result "0-1"]
[WhiteElo "2232"]
[BlackElo "2370"]
[PlyCount "102"]
[EventDate "2015.12.26"]
[EventType "swiss"]
[EventRounds "9"]
[EventCountry "USA"]
[SourceTitle "CBM 170 Extra"]
[Source "ChessBase"]
[SourceDate "2016.02.25"]
[SourceVersion "1"]
[SourceVersionDate "2016.02.25"]
[SourceQuality "1"]

1. c4 Nf6 2. g3 c5 3. Bg2 d5 4. cxd5 Nxd5 5. Nc3 Nc7 6. Nf3 Nc6 7. 0-0 e5 8. a3 Rb8 9. d3 Be7 10. Bd2 0-0 11. Qb1 f6 12. Rc1 Be6 13. Ne4 Na6 14. Be3 Nd4 15. Bxd4 exd4 16. b4 b6 17. Ned2 Nc7 18. Qb2 Nd5 19. Re1 Qd7 20. bxc5 bxc5 21. Qc2 Bf7 22. Nc4 Rfe8 23. Nfd2 Bf8 24. Ne4 h6 25. Kf1 Nb6 26. Ned2 Qf5 27. Kg1 Qd7 28. Nxb6 axb6 29. a4 h5 30. Nc4 h4 31. Rab1 b5 32. axb5 Rxb5 33. Rxb5 Qxb5 34. Bf3 Rb8 35. Ra1 Qd7 36. Kg2 h3+ 37. Kg1 g5 38. Bh1 Rb4 39. Bf3 Kg7 40. Nd2 Be7 41. Nc4 Be6 42. Ba8 Qb5 43. f3 Rb3 44. Ra7 Rc3 45. Nd6 Qb8 46. Rxe7+ Kf8 47. Rxe6 Rxc2 48. Re8+ Qxe8 49. Nxe8 Kxe8 50. Kf2 c4 51. Bc6+ Ke7 0-1

[Event "Bogota Millonario op"]
[Site "Bogota"]
[Date "2015.12.21"]
[Round "6"]
[White "Gonzales Abreo, Pedro Francisco"]
[Black "Morshedi, Ali"]
[Result "1/2-1/2"]
[WhiteElo "2125"]
[BlackElo "2232"]
[PlyCount "97"]
[EventDate "2015.12.18"]
[EventType "swiss"]
[EventRounds "9"]
[EventCountry "COL"]
[SourceTitle "EXT 2017"]
[Source "ChessBase"]
[SourceDate "2016.10.25"]
[SourceVersion "1"]
[SourceVersionDate "2016.10.25"]
[SourceQuality "1"]

1. d4 Nf6 2. Nf3 e6 3. Bf4 c5 4. c3 d5 5. e3 Nc6 6. Nbd2 Bd6 7. Ne5 Qc7 8. Ndf3 Nd7 9. Nxd7 Bxd7 10. Bxd6 Qxd6 11. Bb5 f6 12. 0-0 0-0 13. c4 cxd4 14. Nxd4 Nxd4 15. Qxd4 e5 16. Qd2 Bxb5 17. cxb5 Rfd8 18. Rfd1 a6 19. bxa6 Rxa6 20. a4 Rb6 21. Ra3 Qb4 22. Qxb4 Rxb4 23. Rd2 Kf7 24. Rad3 Rxa4 25. Kf1 Ke6 26. Rb3 Ra7 27. Rb5 Rd7 28. Ke2 Ra6 29. Rd3 Rc6 30. Rc3 Rxc3 31. bxc3 Kd6 32. h4 Kc6 33. Ra5 Rd8 34. Kd3 Kb6 35. Ra4 Rc8 36. Rb4+ Kc6 37. Ra4 e4+ 38. Kc2 Kd6 39. Ra7 Kc6 40. Kb3 h5 41. Ra4 Kd6 42. Ra7 Rc7 43. Ra8 Ke6 44. Rh8 g6 45. Rd8 Rd7 46. Rc8 Kf5 47. Kb4 Kg4 48. Rg8 Kf5 49. Rc8 1/2-1/2

[Event "Bogota Millonario op"]
[Site "Bogota"]
[Date "2015.12.19"]
[Round "4"]
[White "Morshedi, Ali"]
[Black "Cruz, Cristhian"]
[Result "0-1"]
[WhiteElo "2232"]
[BlackElo "2538"]
[PlyCount "56"]
[EventDate "2015.12.18"]
[EventType "swiss"]
[EventRounds "9"]
[EventCountry "COL"]
[SourceTitle "EXT 2017"]
[Source "ChessBase"]
[SourceDate "2016.10.25"]
[SourceVersion "1"]
[SourceVersionDate "2016.10.25"]
[SourceQuality "1"]

1. c4 e6 2. g3 d5 3. Bg2 Nf6 4. Nf3 g6 5. 0-0 Bg7 6. d4 0-0 7. Nc3 b6 8. cxd5 exd5 9. Bf4 Bb7 10. Rc1 Na6 11. Qd2 Ne4 12. Qc2 c5 13. Rfd1 Qe7 14. Nxe4 dxe4 15. Ng5 Nb4 16. Qb1 Rfe8 17. dxc5 bxc5 18. a3 Nd5 19. Nh3 Nxf4 20. Nxf4 e3 21. f3 Rad8 22. Qc2 Rd2 23. Rxd2 exd2 24. Rd1 Bd4+ 25. Kh1 g5 26. Nd3 Qxe2 27. Qxd2 Qxd2 28. Rxd2 c4 0-1

[Event "USA tt"]
[Site "ICC INT"]
[Date "2015.10.06"]
[Round "7"]
[White "Morshedi, Ali"]
[Black "Ruiz Castillo, Joshua Daniel"]
[Result "1/2-1/2"]
[WhiteElo "2225"]
[BlackElo "2390"]
[PlyCount "90"]
[EventDate "2015.08.25"]
[EventType "team-swiss"]
[EventRounds "10"]
[EventCountry "USA"]
[SourceTitle "EXT 2017"]
[Source "ChessBase"]
[SourceDate "2016.10.25"]
[SourceVersion "1"]
[SourceVersionDate "2016.10.25"]
[SourceQuality "1"]
[WhiteTeam "San Diego"]
[BlackTeam "Rio Grande"]
[WhiteTeamCountry "USA"]
[BlackTeamCountry "USA"]

1. c4 c5 2. Nc3 Nc6 3. g3 g6 4. Bg2 Bg7 5. Nf3 e6 6. d3 Nge7 7. Bg5 h6 8. Bd2 0-0 9. Rb1 d6 10. a3 b6 11. Qc1 g5 12. h4 g4 13. Nh2 h5 14. Bh6 Bb7 15. Bxg7 Kxg7 16. Qg5+ Ng6 17. Qxh5 f5 18. f4 Qd7 19. Nxg4 fxg4 20. Qxg4 Kf7 21. Ne4 Rg8 22. 0-0 Nd4 23. h5 Ne7 24. Ng5+ Ke8 25. e4 Kd8 26. Bh3 Kc7 27. h6 Rg6 28. h7 Rh8 29. Qh5 Qe8 30. f5 exf5 31. exf5 Rxg5 32. Qxg5 Rxh7 33. Rbe1 Qd7 34. Re3 Rxh3 35. Rxe7 Rxg3+ 36. Qxg3 Qxe7 37. f6 Ne2+ 38. Kf2 Qxf6+ 39. Kxe2 Qxb2+ 40. Ke3 Qd4+ 41. Kd2 Qb2+ 42. Ke1 Qc3+ 43. Kf2 Qb2+ 44. Ke1 Qc3+ 45. Kf2 Qb2+ 1/2-1/2

[Event "Las Vegas National op"]
[Site "Las Vegas"]
[Date "2015.06.20"]
[Round "3"]
[White "Morshedi, Ali"]
[Black "Sarkar, Justin"]
[Result "0-1"]
[WhiteElo "2232"]
[BlackElo "2408"]
[PlyCount "136"]
[EventDate "2015.06.19"]
[EventType "swiss"]
[EventRounds "6"]
[EventCountry "USA"]
[SourceTitle "CBM 167 Extra"]
[Source "ChessBase"]
[SourceDate "2015.09.14"]
[SourceVersion "1"]
[SourceVersionDate "2015.09.14"]
[SourceQuality "1"]

1. e4 c5 2. Nf3 d6 3. d4 cxd4 4. Nxd4 Nf6 5. Nc3 a6 6. f4 e5 7. Nf3 Nbd7 8. a4 Qc7 9. Bd3 Be7 10. 0-0 0-0 11. Qe1 Nc5 12. Kh1 Re8 13. Bd2 Bd7 14. fxe5 dxe5 15. Qg3 Rad8 16. Bg5 Bc6 17. Qxe5 Bd6 18. Qd4 Ne6 19. Qc4 Nxg5 20. Nxg5 h6 21. Rxf6 gxf6 22. Nf3 Be5 23. Qc5 Qd6 24. Qe3 f5 25. Nxe5 Qxe5 26. Rf1 Rd6 27. Qf2 Rg6 28. Qxf5 Qxf5 29. Rxf5 Rg5 30. Rf4 f5 31. h4 Rg4 32. Rxg4+ fxg4 33. Kh2 Kg7 34. Kg3 h5 35. Kf4 Rf8+ 36. Ke3 Kf6 37. b4 Ke5 38. b5 axb5 39. axb5 Be8 40. Ne2 Rf1 41. c4 Ra1 42. Nc3 Ra3 43. Nb1 Ra2 44. Nd2 b6 45. g3 Bf7 46. Be2 Ra3+ 47. Bd3 Rc3 48. Nb1 Rc1 49. Nd2 Bg8 50. Be2 Rc3+ 51. Bd3 Bh7 52. c5 bxc5 53. b6 Kd6 54. Nc4+ Kd7 55. Kd2 Rb3 56. Bc2 Rxg3 57. Ba4+ Kd8 58. Nd6 Ra3 59. b7 Ra2+ 60. Kc3 Kc7 61. Bb3 Ra6 62. e5 g3 63. Bd5 Bg8 64. Be4 Ra3+ 65. Kd2 Ra2+ 66. Ke3 g2 67. Ne8+ Kb8 68. Nf6 g1Q+ 0-1

[Event "Reykjavik op"]
[Site "Reykjavik"]
[Date "2015.03.17"]
[Round "9"]
[White "Wang, Yiye"]
[Black "Morshedi, Ali"]
[Result "1-0"]
[WhiteElo "2433"]
[BlackElo "2221"]
[PlyCount "73"]
[EventDate "2015.03.10"]
[EventType "swiss"]
[EventRounds "10"]
[EventCountry "ISL"]
[SourceTitle "CBM 165 Extra"]
[Source "ChessBase"]
[SourceDate "2015.04.21"]
[SourceVersion "1"]
[SourceVersionDate "2015.04.21"]
[SourceQuality "1"]

1. e4 e5 2. Nf3 Nc6 3. Bc4 Nf6 4. d4 exd4 5. e5 d5 6. Bb5 Ne4 7. Nxd4 Bd7 8. Bxc6 bxc6 9. 0-0 Be7 10. f3 Nc5 11. f4 Ne4 12. Nc3 Nxc3 13. bxc3 c5 14. Ne2 Bc6 15. f5 d4 16. c4 Qd7 17. Qd3 0-0-0 18. Rb1 Bb7 19. Bd2 Qc6 20. Qh3 Kb8 21. Nc1 Ka8 22. Nb3 Rb8 23. Na5 Qe4 24. Rb2 Ba6 25. Re1 Qxe1+ 26. Bxe1 Rxb2 27. f6 gxf6 28. Qd7 Bd8 29. Nc6 Rb8 30. Nxb8 Kxb8 31. Qxf7 fxe5 32. Bg3 Bg5 33. Bxe5 Be3+ 34. Kf1 Rc8 35. g4 Kb7 36. Ke2 Kb6 37. Kd3 1-0

[Event "Reykjavik op"]
[Site "Reykjavik"]
[Date "2015.03.11"]
[Round "3"]
[White "Kenney, David"]
[Black "Morshedi, Ali"]
[Result "0-1"]
[WhiteElo "1885"]
[BlackElo "2221"]
[PlyCount "96"]
[EventDate "2015.03.10"]
[EventType "swiss"]
[EventRounds "10"]
[EventCountry "ISL"]
[SourceTitle "CBM 165 Extra"]
[Source "ChessBase"]
[SourceDate "2015.04.21"]
[SourceVersion "1"]
[SourceVersionDate "2015.04.21"]
[SourceQuality "1"]

1. d4 Nf6 2. Nf3 g6 3. e3 Bg7 4. Bd3 0-0 5. 0-0 d6 6. h3 Nbd7 7. c4 e5 8. Nc3 Re8 9. Qc2 Qe7 10. Nd2 c6 11. b3 Nh5 12. dxe5 dxe5 13. Bb2 f5 14. Be2 Nhf6 15. Rad1 b6 16. Rfe1 Bb7 17. Bf1 Rad8 18. e4 f4 19. Nf3 Bf8 20. Rd2 Nc5 21. Red1 Rxd2 22. Rxd2 Qc7 23. b4 Ne6 24. a3 Nd8 25. Qd1 Nf7 26. Bd3 Bc8 27. Bf1 g5 28. Nh2 Be6 29. f3 a5 30. b5 Bc5+ 31. Kh1 Be3 32. Rc2 Rd8 33. Qe1 cxb5 34. Nxb5 Qe7 35. Nc3 Nh5 36. Ng4 Ng3+ 37. Kh2 Bd2 38. Qf2 h5 39. Nd5 Bxd5 40. Rxd2 hxg4 41. cxd5 Nxe4 42. Qe1 Nxd2 43. Qxd2 g3+ 44. Kh1 Qc5 45. Qd3 Rxd5 46. Qb1 Qd6 47. Qc2 Rd1 48. Qc4 Qd5 0-1

[Event "Arlington DC op 1st"]
[Site "Arlington"]
[Date "2013.07.01"]
[Round "9"]
[White "Gerzhoy, Leonid"]
[Black "Morshedi, Ali"]
[Result "1-0"]
[WhiteElo "2462"]
[BlackElo "2223"]
[PlyCount "107"]
[EventDate "2013.06.27"]
[EventType "swiss"]
[EventRounds "9"]
[EventCountry "USA"]
[SourceTitle "CBM 155 Extra"]
[Source "ChessBase"]
[SourceDate "2013.08.26"]
[SourceVersion "1"]
[SourceVersionDate "2013.08.26"]
[SourceQuality "1"]

1. d4 Nf6 2. Nf3 e6 3. e3 b6 4. Bd3 Bb7 5. 0-0 c5 6. c4 Be7 7. Nc3 0-0 8. d5 exd5 9. cxd5 d6 10. e4 Nbd7 11. h3 Ne8 12. Bf4 Bf6 13. Nd2 Bxc3 14. bxc3 Qf6 15. Bh2 Qxc3 16. Nc4 Qf6 17. f4 Qd4+ 18. Kh1 f5 19. e5 Qxd5 20. Ne3 Qc6 21. Bc4+ Kh8 22. Bd5 Qc7 23. Nc4 Rd8 24. Bxb7 Qxb7 25. Re1 Nb8 26. exd6 Nc6 27. Bg1 Nf6 28. Qf3 Ne4 29. Rad1 Rfe8 30. a4 Qf7 31. Qb3 h6 32. Qb5 Nc3 33. Qxc6 Nxd1 34. Ne5 Qh5 35. d7 Rg8 36. Qe6 Kh7 37. Nc6 Rdf8 38. Ne7 Qf7 39. Nxg8 Qxe6 40. Rxe6 Rd8 41. Rd6 Kxg8 42. Rxd1 Kf7 43. a5 Ke6 44. axb6 axb6 45. Rb1 Rxd7 46. Rxb6+ Kd5 47. Rb1 Ke4 48. Bxc5 Kxf4 49. Kg1 g5 50. Re1 Rd3 51. Kh2 h5 52. Bb6 g4 53. h4 Rd7 54. g3+ 1-0

[Event "Arlington DC op 1st"]
[Site "Arlington"]
[Date "2013.06.29"]
[Round "6"]
[White "Sarkar, Justin"]
[Black "Morshedi, Ali"]
[Result "1-0"]
[WhiteElo "2451"]
[BlackElo "2223"]
[PlyCount "75"]
[EventDate "2013.06.27"]
[EventType "swiss"]
[EventRounds "9"]
[EventCountry "USA"]
[SourceTitle "CBM 155 Extra"]
[Source "ChessBase"]
[SourceDate "2013.08.26"]
[SourceVersion "1"]
[SourceVersionDate "2013.08.26"]
[SourceQuality "1"]

1. d4 Nf6 2. c4 e6 3. Nc3 Bb4 4. e3 0-0 5. Bd3 Re8 6. Nge2 d5 7. cxd5 exd5 8. Bd2 a5 9. 0-0 Na6 10. a3 Bf8 11. Qb1 c5 12. Rc1 c4 13. Bc2 Nc7 14. a4 Na6 15. b3 Nb4 16. bxc4 dxc4 17. e4 Ng4 18. Bf4 Ra6 19. h3 Nh6 20. Nb5 Rg6 21. Bg3 Bd7 22. Bd1 f5 23. e5 Rc6 24. h4 Be7 25. Nf4 Bxh4 26. Bxh4 Qxh4 27. g3 Qg5 28. Rxc4 Ng4 29. Qb3 Kh8 30. Rxc6 bxc6 31. Nd6 Nh6 32. e6 Rxe6 33. Nxe6 Qe7 34. Nc5 Qxd6 35. Qe3 Nf7 36. Bb3 Nd5 37. Bxd5 cxd5 38. Re1 1-0

[Event "Las Vegas National op"]
[Site "Las Vegas"]
[Date "2013.06.09"]
[Round "5"]
[White "Morshedi, Ali"]
[Black "Thomas, Kenneth P"]
[Result "1-0"]
[WhiteElo "2227"]
[BlackElo "2060"]
[PlyCount "57"]
[EventDate "2013.06.07"]
[EventType "swiss"]
[EventRounds "6"]
[EventCountry "USA"]
[SourceTitle "CBM 154 Extra"]
[Source "ChessBase"]
[SourceDate "2013.06.25"]
[SourceVersion "2"]
[SourceVersionDate "2013.06.25"]
[SourceQuality "1"]

1. e4 c5 2. Nf3 d6 3. d4 cxd4 4. Nxd4 Nf6 5. Nc3 a6 6. f4 e5 7. Nf3 Nbd7 8. a4 Be7 9. Bd3 0-0 10. 0-0 exf4 11. Kh1 Nh5 12. Nd5 Ndf6 13. Nxf4 Nxf4 14. Bxf4 Bg4 15. Qe1 Nh5 16. Be3 Bf6 17. Qb4 Qd7 18. Rad1 Bxf3 19. Rxf3 Be5 20. a5 Rac8 21. c3 Qg4 22. Rdf1 Rc7 23. c4 Qc8 24. b3 Nf6 25. Qd2 Ng4 26. Bg1 Qe6 27. c5 dxc5 28. Bc4 Qd6 29. Qg5 1-0

[Event "Los Angeles Metropolitan op 1st"]
[Site "Los Angeles"]
[Date "2011.08.18"]
[Round "2"]
[White "Heiserman, Jimmy"]
[Black "Morshedi, Ali"]
[Result "1-0"]
[WhiteElo "2111"]
[BlackElo "2238"]
[PlyCount "39"]
[EventDate "2011.08.17"]
[EventType "swiss"]
[EventRounds "9"]
[EventCountry "USA"]
[SourceTitle "CBM 144 Extra"]
[Source "ChessBase"]
[SourceDate "2011.10.28"]
[SourceVersion "1"]
[SourceVersionDate "2011.10.28"]
[SourceQuality "1"]

1. d4 d5 2. c4 e6 3. Nf3 Nf6 4. g3 Be7 5. Bg2 0-0 6. 0-0 dxc4 7. Qc2 c5 8. dxc5 Bxc5 9. Qxc4 Nbd7 10. Nc3 a6 11. Qh4 Qe7 12. e4 e5 13. Bg5 Nb6 14. Rac1 Bd7 15. Nd5 Nbxd5 16. exd5 Rac8 17. Nd2 Bb6 18. Ne4 Bd8 19. Nxf6+ gxf6 20. Be4 1-0

[Event "Mesa Copper State op"]
[Site "Mesa"]
[Date "2009.05.29"]
[Round "2"]
[White "Morshedi, Ali"]
[Black "MacKinnon, Keith"]
[Result "1/2-1/2"]
[WhiteElo "2347"]
[BlackElo "2145"]
[PlyCount "72"]
[EventDate "2009.05.29"]
[EventType "swiss"]
[EventRounds "10"]
[EventCountry "USA"]
[SourceTitle "CBM 130 Extra"]
[Source "ChessBase"]
[SourceDate "2009.07.02"]
[SourceVersion "2"]
[SourceVersionDate "2009.07.15"]
[SourceQuality "1"]

1. e4 c5 2. Nf3 d6 3. d4 cxd4 4. Nxd4 Nf6 5. Nc3 g6 6. Be2 Bg7 7. 0-0 0-0 8. Be3 Nc6 9. Kh1 a6 10. f4 Nxd4 11. Bxd4 b5 12. e5 dxe5 13. fxe5 Nd7 14. Bf3 Rb8 15. Qe1 Bb7 16. Rd1 Qc7 17. e6 Bxd4 18. Rxd4 Nf6 19. Bxb7 Qxb7 20. exf7+ Rxf7 21. Rdf4 Rbf8 22. Qe6 Kg7 23. b4 Qc8 24. Qb3 e5 25. R4f2 Qc6 26. Nd1 Re7 27. Ne3 Nd7 28. Rxf8 Nxf8 29. Ng4 Nd7 30. Qe3 Qxc2 31. Rc1 Qf5 32. Qh6+ Kg8 33. h3 Re8 34. Rc7 Rf8 35. Qe3 Qf1+ 36. Kh2 Nf6 1/2-1/2

[Event "World op 35th"]
[Site "Philadelphia"]
[Date "2007.06.30"]
[Round "1"]
[White "Morshedi, Ali"]
[Black "Ftacnik, Lubomir"]
[Result "1/2-1/2"]
[WhiteElo "2358"]
[BlackElo "2573"]
[PlyCount "88"]
[EventDate "2007.06.30"]
[EventType "swiss"]
[EventRounds "9"]
[EventCountry "USA"]
[SourceTitle "CBM 119 Extra"]
[Source "ChessBase"]
[SourceDate "2007.09.04"]
[SourceVersion "1"]
[SourceVersionDate "2007.09.04"]
[SourceQuality "1"]

1. e4 c5 2. Nf3 d6 3. d4 cxd4 4. Nxd4 Nf6 5. Nc3 a6 6. f4 Nc6 7. Be2 e6 8. Be3 Be7 9. Qd2 Bd7 10. 0-0-0 b5 11. Bf3 Rc8 12. g4 b4 13. Nce2 d5 14. exd5 Nxd5 15. Bxd5 exd5 16. Nxc6 Rxc6 17. Qxd5 Qc8 18. Nd4 Rd6 19. Qe5 Bxg4 20. Rd2 Qb7 21. Rg1 f6 22. Qa5 Rd5 23. Qa4+ Bd7 24. Qb3 g6 25. Re1 Rf8 26. f5 Bxf5 27. Nxf5 Rxf5 28. Bh6 Rf7 29. Rd8+ Kxd8 30. Qxf7 Qd7 31. Bf8 Bc5 32. Qg8 Kc7 33. Bxc5 Rxc5 34. Rd1 Qe7 35. Qa8 Kb6 36. Qb8+ Ka5 37. a3 Rb5 38. axb4+ Rxb4 39. Rd5+ Rb5 40. Rxb5+ axb5 41. c3 f5 42. b4+ Ka6 43. Qa8+ Qa7 44. Qc6+ Qb6 1/2-1/2

[Event "Dortmund op-A"]
[Site "Dortmund"]
[Date "2004.07.27"]
[Round "5"]
[White "Morshedi, Ali"]
[Black "Goessling, Guido"]
[Result "0-1"]
[WhiteElo "2371"]
[BlackElo "2186"]
[PlyCount "126"]
[EventDate "2004.07.??"]
[EventType "swiss"]
[EventRounds "9"]
[EventCountry "GER"]
[SourceTitle "EXT 2006"]
[Source "ChessBase"]
[SourceDate "2005.11.24"]
[SourceVersion "1"]
[SourceVersionDate "2005.11.24"]
[SourceQuality "1"]

1. e4 e5 2. d4 exd4 3. Qxd4 Nc6 4. Qe3 Nf6 5. Nc3 Bb4 6. Bd2 0-0 7. 0-0-0 Re8 8. Qg3 Rxe4 9. a3 Rg4 10. Qf3 Ne5 11. Qe2 Bxc3 12. Bxc3 Re4 13. Qd2 Ng6 14. f3 Re8 15. h4 d5 16. g4 c5 17. h5 Ne5 18. Bxe5 Rxe5 19. g5 Ne8 20. f4 Re7 21. Bh3 d4 22. Kb1 Nd6 23. Nf3 Nc4 24. Qd3 Bxh3 25. Rxh3 Qd5 26. b3 Ne3 27. Re1 Qe4 28. Nd2 Qxf4 29. g6 h6 30. Nc4 fxg6 31. hxg6 Rae8 32. Rh5 b6 33. Nd2 Qg4 34. Rhh1 Re6 35. Rhg1 Qf4 36. Re2 Qd6 37. Rf2 Rf8 38. Re2 Nd5 39. Nc4 Qe7 40. Rxe6 Qxe6 41. Qg3 b5 42. Re1 Qf6 43. Nd6 Nf4 44. Nxb5 a6 45. Nc7 d3 46. Qf2 Qd6 47. Ne8 dxc2+ 48. Qxc2 Qxg6 49. Qxg6 Nxg6 50. Nc7 Rf6 51. Ne6 Nf4 52. Nxc5 h5 53. Rf1 h4 54. Ne4 Rf5 55. Nd6 Rf8 56. b4 g5 57. Ne4 Ne6 58. Rg1 Rf5 59. Kc2 Nd4+ 60. Kd3 Nf3 61. Rc1 g4 62. Ke3 g3 63. Rc2 Ng5 0-1

[Event "Dortmund op-A"]
[Site "Dortmund"]
[Date "2004.07.25"]
[Round "3"]
[White "Morshedi, Ali"]
[Black "Hoffmann, Udo"]
[Result "1-0"]
[WhiteElo "2371"]
[BlackElo "2166"]
[PlyCount "51"]
[EventDate "2004.07.??"]
[EventType "swiss"]
[EventRounds "9"]
[EventCountry "GER"]
[SourceTitle "EXT 2006"]
[Source "ChessBase"]
[SourceDate "2005.11.24"]
[SourceVersion "1"]
[SourceVersionDate "2005.11.24"]
[SourceQuality "1"]

1. d4 d5 2. Nf3 Nc6 3. Bf4 Bg4 4. e3 f6 5. Be2 Bxf3 6. Bxf3 e5 7. Bg3 e4 8. Be2 Qd7 9. c4 Bb4+ 10. Nc3 Nge7 11. Qb3 Bxc3+ 12. Qxc3 0-0-0 13. c5 Nf5 14. b4 Nce7 15. Qa3 Kb8 16. b5 Nxg3 17. hxg3 c6 18. Rb1 Rc8 19. b6 a6 20. Rb4 Rcf8 21. Ra4 Nc8 22. Kd2 Rf7 23. Rb1 Re8 24. Bxa6 bxa6 25. Rxa6 Qb7 26. Rb4 1-0